000 01382nam0a22003011 4500
001 rc\3411650
005 20260406184311.0
021 _aRU
_b[74-61180]
035 _a(NLR Aleph) 007578140
090 _a5478797
_c5478797
100 _a20130115d1974 |||y0rusy50 ca
101 0 _arus
102 _aRU
105 _ay z |||||
200 1 _aРабочий класс развитого социалистического общества
_f[Ред. коллегия: Л.С. Гапоненко (гл. ред.) и др.]
_gАкад. обществ. наук при ЦК КПСС. Кафедра истории СССР
210 _aМосква
_cМысль
_d1974
215 _a276 с.
_d20
300 _aНа обороте тит. л. авт.: Л.С. Гапоненко, И.Е. Ворожейкин, С.Л. Сенявский и др.
606 _aРабочий класс в СССР
_2psbo
701 1 _aВорожейкин
_bИ.Е.
701 1 _aСенявский
_bС.Л.
701 1 _4340
_8rus
_7ca
_aГапоненко
_bЛ. С.
_f1916-2005
_gЛука Степанович
_3RU\NLR\AUTH\7716715
_9126350
712 0 2 _aАкадемия общественных наук
_cМосква
_bКафедра истории СССР
_3RU\NLR\AUTH\889949658
_9394999
801 0 _aRU
_bNLR
_gpsbo
801 1 _aRU
_bELAR
_2rusmarc
852 _aNLR
_j74-3/2940
942 _cBOOK
980 _aNB